00815nam a2200229 a 450000100060000000300080000600500170001400800410003102000130007203500190008504000350010404100080013908200260014710000320017324501120020526000450031730000270036265000280038994200120041799900170042995201390044648711BD-RjUL20211209054555.0160816s1968 enk b 000 0 eng  a71006302 a(BD-RjUL)48830 aBD-RjULbengcBD-RjULdBD-RjUL1 aeng 223a658.403bCHD 1968 aChapman, Richard A.914700810aDecision making :ba case study of the decision to raise the bank rate september 1957 /cRichard A. Chapman aLondon :bRoutledge & Kegan Paul,c1968, aviii, 118 p. ;c23 cm. 0aDecision making9147009 2ddccBK c48711d48711 00102ddc40708NFICaRUCLbRUCLcStackd1970-06-25eZeithingerg18.00l0o658.403 CHD 1968r2016-08-16 00:00:00tC-2w2016-08-16yBK